| 000 | 00660nam a22002177a 4500 | ||
|---|---|---|---|
| 003 | NUST | ||
| 005 | 20230225172804.0 | ||
| 008 | 171004b xxu||||| |||| 00| 0 eng d | ||
| 038 | _aAttaullah. | ||
| 040 | _cNUST | ||
| 082 | _a330 | ||
| 100 |
_aSafdar, Nimra _95246 |
||
| 245 |
_aMilitary Expenditure and Public debt nexus: evidence from Pakistan _cNimra Safdar. |
||
| 260 |
_aIslamabad : _c2013 _bS3H - NUST, |
||
| 300 |
_a37p. : ill. ; _c30cm. |
||
| 500 | _aHard Cover. | ||
| 650 |
_aEconomics - MS Thesis. _917366 |
||
| 700 |
_aDr. Ashfaque Hassan Khan. _917420 |
||
| 856 | _uhttp://10.250.8.41:8080/xmlui/handle/123456789/30517 | ||
| 942 |
_2ddc _cTHE |
||
| 999 |
_c331581 _d331581 |
||